| 000 | 00950cam a2200193 4500 | ||
|---|---|---|---|
| 001 | WB3927-13 | ||
| 008 | 030716n2003 000 0 eng u | ||
| 035 | _a(Sirsi) u123018 | ||
| 245 | _aFunds held back by development | ||
| 260 | _c2003 | ||
| 490 |
_aIPD Press Release _v19 June 2003 (1) |
||
| 520 | _aLatest research from IPD "Property funds review" reveals that, for the first time in nine years, development retarded property fund performance. Limited partnerships were found to be the strongest performing fund group, with life funds as the poorest. Copies of the report can be obtained from IPD as part of a subscription and further information is available from Kevin Swaddle t +44 (0)20 7643 9275 or http://www.ipdindex.co.uk http://www.ipdindex.co.uk/results/press_releases/content_frame_pfr.html | ||
| 590 | _aWB | ||
| 650 | _aPROPERTY FUNDS | ||
| 650 | _aPROPERTY MARKET | ||
| 650 | _aFUNDS | ||
| 690 | _aINVESTMENT | ||
| 942 | _n0 | ||
| 999 |
_c73054 _d73054 |
||